00516nam a2200145 a 450000100060000000300090000600800410001504000280005608200170008424500990010126000550020030000100025565000660026565000390033111992CO-ViMGA141112s2004 ck r 000 u spa d aCO-ViMGAbspacCO-ViMGA04aR623.51 R37a10aNormas y requisitos para la tenencia y porte de armas, municiones, explosivos y sus accesorios aSantafé de Bogotá, cBacatá editores, c1994 a64 p.14aARMAS DE FUEGO - INDUSTRIA Y COMERCIO - LEGISLACION, COLOMBIA14aMUNICIONES - LEGISLACION, COLOMBIA